000 00774cam a2200313 4500
008 090401t1998 xxu||||| |||| 00| 0 eng d
020 _a0905099869
035 _a(Sirsi) u88937
041 _aeng
050 _a306.026
100 _aMadge, Nic
245 _aHousing law casebook.
250 _a2nd ed.
260 _aLondon
_bLAG Education & Service Trust Ltd.
_c1998
300 _axciii,796p. ; 21cm.
350 _a35
520 _aDue to be published September 1998.
650 _aDISREPAIR
650 _aHARASSMENT
650 _aHOMELESSNESS
650 _aHOUSING ACT 1988
650 _aHOUSING LAW
650 _aLONG LEASES
650 _aRENT ACT 1997
650 _aSECURE TENANCIES
690 _aHOUSING
942 _n0
948 _c13/10/1998
999 _c97404
_d97404